1580 1878 1250 1479 1616 1425 1263 1927 1496 1803 1578 1504 1006 1774 1534 1908 1264 1483 1894 1365 1528 1834 1383 1894 1175 1127 1020 1613 1813 1344 1460 1460 1036 1240 1906 1440 1394 1225 1033 1656 1816 1962 1415 1864 1963 1573 1459 1146 1978 1427 1992 1317 1140 1162 1663 1382 1601 1316 1919 1243 1388 1302 1850 1343 1836 1710 1637 1212 1570 1952 1192 1712 1677 1809 1208 1476 1868 1443 1227 1545 1557 1890 1282 1972 1476 1085 1256 1462 1826 1529 1323 1629 1783 1909 1859 1074 1708 1609 1066 BCNSPRNW ULIB Ver.6.0+V

เปลี่ยนเป็นภาษาไทย

Change to English
 แสดงรายละเอียดบรรณานุกรม
  กลับหน้าหลัก

Brief Record : Get Marc (ISO 2709) : E-mail record : QR code < ปิดหน้าต่าง
LEADER : 00000nam 2200000uu 4500
001    13399128817
003     ULIB
008    241008s2565||||th 000 0 tha d
020    ^a9786168201244^c399
060    ^aWW100^bช175
110    ^aภาควิชาจักษุวิทยา คณะแพทย์ศาสตร์ศิริราช
245 10 ^aShort note จักษุศิริราช:^bการศึกษาก่อนปริญญา ภาควิชาจักษุวิทยา คณะแพทย์ศาสตร์ศิริราชพยาบาลภาควิชาจักษุวิทยา คณะแพทย์ศาสตร์ศิริราช
260    ^aกรุงเทพฯ:^bภาควิชาจักษุวิทยา คณะแพทย์ศาสตร์ศิริราช,^c2565
300    ^a388 หน้า
650    ^aจักษุวิทยา
650    ^aจักษุวิทยา^xการศึกษาและการสอน
945    ^p399^l0^i010975
945    ^p399^l0^i010976
945    ^p399^l0^i010977
945    ^p399^l0^i010978
945    ^p399^l0^i010979
999    ^aประนอม เกษจรัล
รายการนี้ยังไม่มีแท็ก
คุณยังไม่ได้ล็อกอิน คุณสามารถมีกิจกรรมร่วมกับเว็บไซต์ได้ แต่ต้องล็อกอินก่อน ::
  ล็อกอิน

รายการสื่อสารสนเทศ

ลำดับที่ ประเภท เลขเรียก/บาร์โค้ด สถานที่ สถานะ
1. วิทยาศาสตร์การแพทย์ และสุขภาพ
หนังสือสำรอง
สถานะ=หนังสือสำรอง
WW100 ช175 ฉ.1 
  Barcode: 010975
ห้องสมุดวิทยาเขตสวรรค์ประชารักษ์
►หนังสือทั่วไป
บนชั้น
2. วิทยาศาสตร์การแพทย์ และสุขภาพ
วิทยาศาสตร์การแพทย์ และสุขภาพ
WW100 ช175 ฉ.2 
  Barcode: 010976
ห้องสมุดวิทยาเขตสวรรค์ประชารักษ์
►หนังสือทั่วไป
บนชั้น
3. วิทยาศาสตร์การแพทย์ และสุขภาพ
วิทยาศาสตร์การแพทย์ และสุขภาพ
WW100 ช175 ฉ.3 
  Barcode: 010977
ห้องสมุดวิทยาเขตสวรรค์ประชารักษ์
►หนังสือทั่วไป
ถูกยืม กำหนดส่งวันที่ 15 พฤษภาคม 2569
  จอง
4. วิทยาศาสตร์การแพทย์ และสุขภาพ
วิทยาศาสตร์การแพทย์ และสุขภาพ
WW100 ช175 ฉ.4 
  Barcode: 010978
ห้องสมุดวิทยาเขตสวรรค์ประชารักษ์
►หนังสือทั่วไป
ถูกยืม กำหนดส่งวันที่ 13 สิงหาคม 2569
  จอง
5. วิทยาศาสตร์การแพทย์ และสุขภาพ
วิทยาศาสตร์การแพทย์ และสุขภาพ
WW100 ช175 ฉ.5 
  Barcode: 010979
ห้องสมุดวิทยาเขตสวรรค์ประชารักษ์
►หนังสือทั่วไป
บนชั้น

รายการใกล้เคียง
    หัวเรื่อง [จักษุวิทยา]

BibComment


ยังไม่เคยถูกคอมเมนท์

คอมเมนท์ทรัพยากรรายการนี้
  คอมเมนท์: Short note จักษุ..


 Copyright 2026. Bcnsprnw @Library